[Event "CRO-chT2 Center 26th"]
[Site "Croatia"]
[Date "2017.04.02"]
[Round "4.63"]
[White "Skrbin, Kresimir"]
[Black "Sokac, Marko"]
[Result "0-1"]
[WhiteElo "2212"]
[BlackElo "2278"]
[PlyCount "56"]
[EventDate "2017.03.26"]
[EventType "team-tourn"]
[EventRounds "11"]
[EventCountry "CRO"]
[SourceTitle "EXT 2019"]
[Source "ChessBase"]
[SourceDate "2018.10.10"]
[SourceVersion "1"]
[SourceVersionDate "2018.10.10"]
[SourceQuality "1"]

1. d4 Nf6 2. Bf4 e6 3. e3 b6 4. Nf3 Bb7 5. Bd3 h6 6. h3 Be7 7. Nbd2 d6 8. c3 Nbd7 9. Qe2 c5 10. a4 a6 11. 0-0 g5 12. Bg3 g4 13. hxg4 Nxg4 14. e4 h5 15. e5 dxe5 16. Nxe5 Ndxe5 17. Bxe5 Bd6 18. f3 Bxe5 19. fxg4 Bh2+ 20. Kxh2 Qh4+ 21. Kg1 hxg4 22. Ne4 g3 23. Nxg3 Qxg3 24. Be4 Qh2+ 25. Kf2 Qh4+ 26. Kf3 Rg8 27. Bxb7 Rg3+ 28. Kf2 Rh3+ 0-1

[Event "CRO-chT2 Center 25th"]
[Site "Croatia"]
[Date "2016.11.06"]
[Round "11.44"]
[White "Vucic, Mihovil"]
[Black "Skrbin, Kresimir"]
[Result "1-0"]
[WhiteElo "2147"]
[BlackElo "2255"]
[PlyCount "83"]
[EventDate "2016.03.13"]
[EventType "team-tourn"]
[EventRounds "11"]
[EventCountry "CRO"]
[SourceTitle "EXT 2019"]
[Source "ChessBase"]
[SourceDate "2018.10.10"]
[SourceVersion "1"]
[SourceVersionDate "2018.10.10"]
[SourceQuality "1"]

1. e4 c5 2. Nf3 Nc6 3. c3 d5 4. exd5 Qxd5 5. d4 Bg4 6. Be2 e6 7. 0-0 Nf6 8. h3 Bh5 9. Re1 cxd4 10. cxd4 Be7 11. Nc3 Qd8 12. Be3 0-0 13. g4 Bg6 14. Ne5 Nb4 15. h4 Nd7 16. Nxd7 Qxd7 17. Bb5 Qd8 18. h5 Nc2 19. hxg6 Nxa1 20. gxh7+ Kh8 21. Qxa1 Bd6 22. Qd1 Qh4 23. Kg2 Qh2+ 24. Kf3 f5 25. Rh1 fxg4+ 26. Ke2 Qg2 27. Rg1 Qh3 28. Bd3 g3 29. Ne4 Qh5+ 30. Kd2 Qa5+ 31. Kc1 gxf2 32. Bxf2 Qxa2 33. Qg4 Bf4+ 34. Kd1 Qa1+ 35. Kc2 Qa4+ 36. Kb1 Bh6 37. Be3 Qd7 38. Bxh6 gxh6 39. Qg8+ Rxg8 40. hxg8Q+ Rxg8 41. Rxg8+ Kxg8 42. Nf6+ 1-0

[Event "CRO-chT2 Center 25th"]
[Site "Croatia"]
[Date "2016.10.23"]
[Round "9.52"]
[White "Medic, Mirjana"]
[Black "Skrbin, Kresimir"]
[Result "1/2-1/2"]
[WhiteElo "2166"]
[BlackElo "2255"]
[PlyCount "70"]
[EventDate "2016.03.13"]
[EventType "team-tourn"]
[EventRounds "11"]
[EventCountry "CRO"]
[SourceTitle "EXT 2019"]
[Source "ChessBase"]
[SourceDate "2018.10.10"]
[SourceVersion "1"]
[SourceVersionDate "2018.10.10"]
[SourceQuality "1"]

1. d4 d5 2. Nf3 Nf6 3. e3 c6 4. Bd3 Bg4 5. Nbd2 Nbd7 6. c3 e6 7. Qc2 Bd6 8. e4 dxe4 9. Nxe4 Nxe4 10. Bxe4 Nf6 11. Bg5 Qc7 12. h3 Bh5 13. Bxf6 gxf6 14. g4 Bg6 15. 0-0-0 0-0-0 16. Kb1 Qa5 17. h4 Rdg8 18. Rhg1 h5 19. g5 Bxe4 20. Qxe4 Be7 21. g6 Qd5 22. Qxd5 exd5 23. gxf7 Rg4 24. Nh2 Rxg1 25. Rxg1 Rf8 26. Rg7 Kd7 27. Nf1 Ke6 28. Ng3 f5 29. Nxh5 Bxh4 30. Nf4+ Kf6 31. Nh5+ Ke7 32. f3 Rxf7 33. Rg8 Rf8 34. Rg7+ Rf7 35. Rg8 Rf8 1/2-1/2

[Event "CRO-chT2 Center"]
[Site "Croatia"]
[Date "2015.10.18"]
[Round "9.63"]
[White "Skrbin, Kresimir"]
[Black "Kristovic, Marijan"]
[Result "1-0"]
[WhiteElo "2244"]
[BlackElo "2290"]
[PlyCount "115"]
[EventDate "2015.03.22"]
[EventType "team-tourn"]
[EventRounds "11"]
[EventCountry "CRO"]
[SourceTitle "EXT 2016"]
[Source "ChessBase"]
[SourceDate "2015.10.08"]
[SourceVersion "1"]
[SourceVersionDate "2015.10.08"]
[SourceQuality "1"]

1. Nf3 d5 2. d4 c5 3. c4 dxc4 4. d5 e6 5. e4 exd5 6. exd5 Bd6 7. Bxc4 Nf6 8. 0-0 0-0 9. Bg5 Nbd7 10. Nc3 h6 11. Bh4 Ne5 12. Nxe5 Bxe5 13. Bg3 Ng4 14. Be2 Bxg3 15. hxg3 Nf6 16. Re1 a6 17. a4 b6 18. Bf3 Ra7 19. Qd2 Rd7 20. Rad1 Rd6 21. Ne4 Nxe4 22. Rxe4 Bb7 23. Re5 Qd7 24. b3 Re8 25. Qe3 Rxe5 26. Qxe5 Kf8 27. Qe4 g6 28. a5 Kg7 29. axb6 Rxb6 30. Qe5+ f6 31. Qe3 Qc7 32. Re1 Qe5 33. Qd2 Qc7 34. Qa5 Rc6 35. dxc6 Qxa5 36. Re7+ Kf8 37. Rxb7 Ke8 38. Rb8+ Ke7 39. c7 Qxc7 40. Rb7 Qxb7 41. Bxb7 a5 42. Kf1 c4 43. bxc4 a4 44. Be4 Kd6 45. c5+ Kxc5 46. Bxg6 a3 47. Bf7 Kd4 48. Ke2 Ke4 49. Ba2 f5 50. Bb1+ Ke5 51. Ke3 h5 52. Ba2 Kf6 53. f4 Kg6 54. Kd4 h4 55. gxh4 Kh5 56. g3 Kg4 57. Ke5 Kxg3 58. h5 1-0

[Event "CRO-chT2 Center"]
[Site "Croatia"]
[Date "2015.10.18"]
[Round "10.24"]
[White "Skrbin, Kresimir"]
[Black "Makovec, Bruno"]
[Result "1/2-1/2"]
[WhiteElo "2244"]
[BlackElo "2161"]
[PlyCount "63"]
[EventDate "2015.03.22"]
[EventType "team-tourn"]
[EventRounds "11"]
[EventCountry "CRO"]
[SourceTitle "EXT 2016"]
[Source "ChessBase"]
[SourceDate "2015.10.08"]
[SourceVersion "1"]
[SourceVersionDate "2015.10.08"]
[SourceQuality "1"]

1. Nf3 c5 2. e3 Nc6 3. d4 cxd4 4. exd4 d5 5. c3 Nf6 6. Bd3 Bg4 7. Bf4 e6 8. Nbd2 Be7 9. h3 Bh5 10. 0-0 0-0 11. Qb3 Na5 12. Qc2 Bg6 13. Bxg6 hxg6 14. Rfe1 Rc8 15. Ne5 b5 16. a3 Nc6 17. Qd3 Qb6 18. Bg5 Qb7 19. Re3 Nxe5 20. dxe5 Nh7 21. Bxe7 Qxe7 22. Nf3 Rb8 23. Nd4 Qc5 24. f4 Rfc8 25. Rf1 Qc4 26. Qd2 a5 27. b4 axb4 28. cxb4 Qc7 29. Rff3 Qb6 30. Kh2 Ra8 31. g4 Rc4 32. Rd3 1/2-1/2

[Event "CRO-chT2 Center"]
[Site "Croatia"]
[Date "2015.04.26"]
[Round "6.23"]
[White "Skrbin, Kresimir"]
[Black "Cop, Tomislav"]
[Result "1/2-1/2"]
[WhiteElo "2225"]
[BlackElo "2289"]
[PlyCount "62"]
[EventDate "2015.03.22"]
[EventType "team-tourn"]
[EventRounds "11"]
[EventCountry "CRO"]
[SourceTitle "EXT 2016"]
[Source "ChessBase"]
[SourceDate "2015.10.08"]
[SourceVersion "1"]
[SourceVersionDate "2015.10.08"]
[SourceQuality "1"]

1. e4 c6 2. d4 d5 3. exd5 cxd5 4. Bd3 Nc6 5. c3 Nf6 6. Bf4 g6 7. Nf3 Bf5 8. Bxf5 gxf5 9. Nbd2 Nh5 10. Be5 Nxe5 11. Nxe5 Nf6 12. Qa4+ Nd7 13. Qb5 Bg7 14. Qxd5 Nxe5 15. Qxd8+ Rxd8 16. dxe5 Bxe5 17. Nf3 Bf6 18. Ke2 e6 19. Rhd1 Ke7 20. Rac1 Rhg8 21. g3 a6 22. Ne1 Rc8 23. Nc2 Rgd8 24. Ne3 Bg5 25. f4 Bf6 26. Rxd8 Rxd8 27. Rc2 h5 28. Rd2 Rc8 29. Kf3 Rc6 30. Nc2 Rc4 31. Ne3 Rc6 1/2-1/2

[Event "CRO-chT2 Center 23rd"]
[Site "Grubisno Polje"]
[Date "2014.09.14"]
[Round "10.43"]
[White "Bartakovic, Tomislav"]
[Black "Skrbin, Kresimir"]
[Result "1/2-1/2"]
[WhiteElo "2142"]
[BlackElo "2263"]
[PlyCount "61"]
[EventDate "2014.03.02"]
[EventType "team-match"]
[EventRounds "11"]
[EventCountry "CRO"]
[SourceTitle "EXT 2016"]
[Source "ChessBase"]
[SourceDate "2015.10.08"]
[SourceVersion "1"]
[SourceVersionDate "2015.10.08"]
[SourceQuality "1"]

1. Nf3 d5 2. d4 Nf6 3. c4 c6 4. Nc3 e6 5. Bg5 Nbd7 6. e3 Bb4 7. cxd5 exd5 8. Qc2 h6 9. Bh4 0-0 10. Bd3 Be7 11. 0-0 Re8 12. Nd2 b6 13. Rae1 Bb7 14. Bf5 Ba6 15. Bd3 Bxd3 16. Qxd3 Ne4 17. Bxe7 Qxe7 18. f3 Nxc3 19. bxc3 Qg5 20. f4 Qd8 21. e4 dxe4 22. Rxe4 Nf6 23. Rxe8+ Qxe8 24. Nf3 Rd8 25. Re1 Qd7 26. c4 b5 27. cxb5 cxb5 28. Rb1 a6 29. Qa3 Qf5 30. Re1 Qxf4 31. Qxa6 1/2-1/2

[Event "CRO-chT2 Center 23rd"]
[Site "Grubisno Polje"]
[Date "2014.04.06"]
[Round "6.2"]
[White "Marangunic, Srdjan"]
[Black "Skrbin, Kresimir"]
[Result "1/2-1/2"]
[WhiteElo "2338"]
[BlackElo "2263"]
[PlyCount "128"]
[EventDate "2014.03.02"]
[EventType "team-match"]
[EventRounds "11"]
[EventCountry "CRO"]
[SourceTitle "EXT 2016"]
[Source "ChessBase"]
[SourceDate "2015.10.08"]
[SourceVersion "1"]
[SourceVersionDate "2015.10.08"]
[SourceQuality "1"]

1. Nf3 d5 2. g3 c6 3. Bg2 g6 4. 0-0 Bg7 5. d4 Nf6 6. c3 0-0 7. Nbd2 Nbd7 8. Re1 b6 9. e4 dxe4 10. Nxe4 Nxe4 11. Rxe4 Bb7 12. Qe1 e6 13. Bg5 Qc8 14. Re2 c5 15. dxc5 Qxc5 16. Qd2 Nf6 17. Qe3 Qxe3 18. Bxe3 Rfd8 19. Bd4 Rac8 20. a4 Nd7 21. a5 Nc5 22. Bxg7 Kxg7 23. Nd4 Bxg2 24. Kxg2 Rd5 25. axb6 axb6 26. Ra7 Nd7 27. Nc2 Nc5 28. Ne3 Rd7 29. Rxd7 Nxd7 30. Rd2 Rc7 31. f4 Kf6 32. Rd4 Ke7 33. Rb4 f6 34. g4 Rc5 35. Ra4 h5 36. h3 hxg4 37. hxg4 Kd6 38. Rd4+ Kc6 39. Re4 e5 40. f5 gxf5 41. gxf5 Ra5 42. Rc4+ Kd6 43. b4 Ra2+ 44. Kf3 Rh2 45. Rc8 b5 46. Re8 Rh3+ 47. Ke4 Rh4+ 48. Kd3 Nb6 49. Re6+ Kc7 50. Rxf6 Nc4 51. Nxc4 bxc4+ 52. Ke3 Rh3+ 53. Ke4 Rxc3 54. Kxe5 Rb3 55. Rf7+ Kc6 56. Rf8 Rxb4 57. Rc8+ Kd7 58. Rc5 Ke7 59. Rc7+ Kd8 60. Rc6 Ke7 61. Rc5 Rb7 62. Rxc4 Kf7 63. Rc5 Re7+ 64. Kf4 Re1 1/2-1/2

[Event "CRO-chT2 Center 23rd"]
[Site "Grubisno Polje"]
[Date "2014.03.02"]
[Round "2.2"]
[White "Skrbin, Kresimir"]
[Black "Balenovic, Zvonimir"]
[Result "0-1"]
[WhiteElo "2263"]
[BlackElo "2198"]
[PlyCount "102"]
[EventDate "2014.03.02"]
[EventType "team-match"]
[EventRounds "11"]
[EventCountry "CRO"]
[SourceTitle "EXT 2016"]
[Source "ChessBase"]
[SourceDate "2015.10.08"]
[SourceVersion "1"]
[SourceVersionDate "2015.10.08"]
[SourceQuality "1"]

1. d4 Nf6 2. Nf3 g6 3. c4 Bg7 4. g3 0-0 5. Bg2 d6 6. Nc3 Nbd7 7. 0-0 e5 8. e4 c6 9. h3 Qb6 10. Re1 exd4 11. Nxd4 Re8 12. Nc2 Ne5 13. Ne3 Be6 14. Bf1 Rad8 15. Kh2 d5 16. cxd5 cxd5 17. exd5 Nxd5 18. Nexd5 Bxd5 19. Nxd5 Rxd5 20. Qxd5 Qxf2+ 21. Bg2 Qxe1 22. Qxb7 h5 23. Qb5 Re6 24. Qf1 Qxf1 25. Bxf1 Nf3+ 26. Kg2 Ne1+ 27. Kh2 Nc2 28. Rb1 Re1 29. Bd3 Bh6 30. Bxc2 Bxc1 31. Bd3 h4 32. Kg2 hxg3 33. b4 Rd1 34. Bc4 Kg7 35. a4 f5 36. Be2 Re1 37. Bf3 f4 38. b5 Bd2 39. Rxe1 Bxe1 40. Kf1 Ba5 41. Ke2 Kf6 42. Kd3 Kg5 43. Ke4 Bc7 44. Bg2 Kh4 45. a5 g5 46. b6 Bxb6 47. axb6 axb6 48. Kf3 b5 49. Bf1 b4 50. Kg2 b3 51. Bd3 f3+ 0-1

[Event "CRO-chT2 Center 22nd"]
[Site "Sisak"]
[Date "2013.10.06"]
[Round "7.14"]
[White "Kovacevic, Veljko"]
[Black "Skrbin, Kresimir"]
[Result "1/2-1/2"]
[WhiteElo "2221"]
[BlackElo "2270"]
[PlyCount "26"]
[EventDate "2013.04.14"]
[EventType "team-tourn"]
[EventRounds "11"]
[EventCountry "CRO"]
[SourceTitle "EXT 2016"]
[Source "ChessBase"]
[SourceDate "2015.10.08"]
[SourceVersion "1"]
[SourceVersionDate "2015.10.08"]
[SourceQuality "1"]

1. c4 c6 2. g3 d5 3. Bg2 Nf6 4. Qb3 e6 5. Nf3 Nbd7 6. 0-0 Bc5 7. d4 Bd6 8. Nc3 0-0 9. e4 Nxe4 10. Nxe4 dxe4 11. Ng5 Nf6 12. Nxe4 Nxe4 13. Bxe4 e5 1/2-1/2

[Event "CRO-chT2 Center 22nd"]
[Site "Sisak"]
[Date "2013.04.21"]
[Round "3.3"]
[White "Skrbin, Kresimir"]
[Black "Brigljevic, Milan"]
[Result "1/2-1/2"]
[WhiteElo "2270"]
[BlackElo "2234"]
[PlyCount "87"]
[EventDate "2013.04.14"]
[EventType "team-tourn"]
[EventRounds "11"]
[EventCountry "CRO"]
[SourceTitle "EXT 2016"]
[Source "ChessBase"]
[SourceDate "2015.10.08"]
[SourceVersion "1"]
[SourceVersionDate "2015.10.08"]
[SourceQuality "1"]

1. d4 Nf6 2. c4 d6 3. Nf3 Nbd7 4. Nc3 g6 5. g3 Bg7 6. Bg2 0-0 7. 0-0 c6 8. e4 e5 9. h3 a5 10. Be3 Re8 11. Qc2 exd4 12. Nxd4 Nc5 13. Rfe1 a4 14. Rad1 Qa5 15. Bf4 Bf8 16. g4 Nfd7 17. Bf1 Ne5 18. Be3 Ne6 19. Kg2 Nxd4 20. Bxd4 g5 21. Ne2 Ng6 22. Bc3 Qc7 23. Ng3 Nf4+ 24. Kh1 Bg7 25. Bxg7 Kxg7 26. Qd2 Qe7 27. Qxd6 Qxd6 28. Rxd6 Be6 29. Kh2 Rad8 30. Red1 Rxd6 31. Rxd6 Kf6 32. f3 Ke5 33. Rd2 Re7 34. Nf5 Rd7 35. Rxd7 Bxd7 36. Kg3 Bxf5 37. gxf5 h6 38. Kg4 f6 39. h4 b6 40. hxg5 hxg5 41. Kg3 Kd4 42. Kg4 Ke5 43. Kg3 Kd4 44. Kg4 1/2-1/2

[Event "CRO-chT2 Center"]
[Site "Zagreb"]
[Date "2012.10.28"]
[Round "11.23"]
[White "Machata, Martin"]
[Black "Skrbin, Kresimir"]
[Result "1/2-1/2"]
[WhiteElo "2240"]
[BlackElo "2261"]
[PlyCount "27"]
[EventDate "2012.03.18"]
[EventType "team-swiss"]
[EventRounds "11"]
[EventCountry "CRO"]
[SourceTitle "EXT 2019"]
[Source "ChessBase"]
[SourceDate "2018.10.10"]
[SourceVersion "1"]
[SourceVersionDate "2018.10.10"]
[SourceQuality "1"]

1. d4 d5 2. Nf3 Nf6 3. c4 c6 4. Qc2 e6 5. Bg5 Nbd7 6. Nbd2 Be7 7. e3 h6 8. Bh4 0-0 9. Bd3 dxc4 10. Nxc4 c5 11. 0-0 cxd4 12. exd4 Nb6 13. Nce5 Bd7 14. Bxf6 1/2-1/2

[Event "CRO-chT2 Center"]
[Site "Zagreb"]
[Date "2012.10.14"]
[Round "7.22"]
[White "Blazeka, Matej"]
[Black "Skrbin, Kresimir"]
[Result "1/2-1/2"]
[WhiteElo "2249"]
[BlackElo "2261"]
[PlyCount "42"]
[EventDate "2012.03.18"]
[EventType "team-swiss"]
[EventRounds "11"]
[EventCountry "CRO"]
[SourceTitle "EXT 2019"]
[Source "ChessBase"]
[SourceDate "2018.10.10"]
[SourceVersion "1"]
[SourceVersionDate "2018.10.10"]
[SourceQuality "1"]

1. e4 c6 2. d4 d5 3. Nc3 dxe4 4. Nxe4 Bf5 5. Ng3 Bg6 6. h4 h6 7. Nf3 Nd7 8. h5 Bh7 9. Bd3 Bxd3 10. Qxd3 e6 11. Bd2 Ngf6 12. 0-0-0 Be7 13. Ne4 Nxe4 14. Qxe4 Nf6 15. Qd3 c5 16. Qb5+ Qd7 17. Qxd7+ Nxd7 18. Be3 cxd4 19. Nxd4 Nf6 20. Nb5 0-0 21. f3 a6 1/2-1/2

[Event "Pula op 25th"]
[Site "Pula"]
[Date "2011.06.25"]
[Round "9"]
[White "Skrbin, Kresimir"]
[Black "Diermair, Andreas"]
[Result "0-1"]
[WhiteElo "2264"]
[BlackElo "2435"]
[PlyCount "48"]
[EventDate "2011.06.18"]
[EventType "swiss"]
[EventRounds "9"]
[EventCountry "CRO"]
[SourceTitle "CBM 143 Extra"]
[Source "ChessBase"]
[SourceDate "2011.08.29"]
[SourceVersion "1"]
[SourceVersionDate "2011.08.29"]
[SourceQuality "1"]

1. d4 d5 2. c4 c6 3. Nf3 Nf6 4. e3 Bf5 5. Nc3 e6 6. Nh4 Bg6 7. Be2 Nbd7 8. 0-0 Ne4 9. Nxg6 hxg6 10. cxd5 exd5 11. Nxe4 dxe4 12. d5 Bd6 13. h3 c5 14. Qa4 Qe7 15. Bb5 0-0-0 16. Bxd7+ Rxd7 17. f3 Rxh3 18. Qxe4 Qxe4 19. fxe4 Rh4 20. Bd2 Rxe4 21. Rac1 b6 22. Kf2 Be5 23. Bc3 Bxc3 24. Rxc3 Rxd5 0-1

[Event "Mediterranean op 3rd"]
[Site "Rijeka"]
[Date "2009.12.01"]
[Round "5"]
[White "Skrbin, Kresimir"]
[Black "Draskovic, Luka"]
[Result "1-0"]
[WhiteElo "2215"]
[BlackElo "2113"]
[PlyCount "117"]
[EventDate "2009.11.27"]
[EventType "swiss"]
[EventRounds "9"]
[EventCountry "CRO"]
[SourceTitle "CBM 133 Extra"]
[Source "ChessBase"]
[SourceDate "2010.01.05"]
[SourceVersion "1"]
[SourceVersionDate "2010.01.05"]
[SourceQuality "1"]

1. d4 Nf6 2. Nf3 e6 3. c4 b6 4. g3 Ba6 5. b3 Bb4+ 6. Bd2 Be7 7. Bg2 c6 8. Bc3 d5 9. Ne5 Nfd7 10. Nxd7 Nxd7 11. Nd2 0-0 12. 0-0 Bb7 13. e4 dxe4 14. Nxe4 Nf6 15. Qe2 Qc7 16. Rad1 Rfd8 17. Rd3 h6 18. Rfd1 Nxe4 19. Bxe4 Bf6 20. Qf3 Rd6 21. c5 Rd5 22. Bxd5 cxd5 23. Qf4 Qc6 24. Qd6 Qb5 25. c6 Qxc6 26. Qxc6 Bxc6 27. Bb2 Bd7 28. Rc1 Bd8 29. Ba3 f6 30. Bd6 Kf7 31. f4 g6 32. Kf2 Ke8 33. Rdc3 Bb5 34. g4 Bd7 35. Rh3 Kf7 36. Rxh6 Kg7 37. Rh3 b5 38. Rd3 a5 39. h4 Ra6 40. Bc7 Be7 41. Bxa5 Bd6 42. Bc7 Rxa2+ 43. Kg3 Bb4 44. g5 Ba3 45. gxf6+ Kf7 46. Rh1 Kxf6 47. h5 gxh5 48. Rxh5 Bf8 49. Be5+ Kg6 50. Rg5+ Kf7 51. Rc3 Rb2 52. Rc7 Rxb3+ 53. Kf2 Ke7 54. Rh5 Rb2+ 55. Kf3 Rb3+ 56. Kg4 Kd8 57. Rh8 Ke8 58. Bd6 e5+ 59. f5 1-0

[Event "CRO-chT2b"]
[Site "Croatia"]
[Date "2009.10.18"]
[Round "7"]
[White "Skrbin, Kresimir"]
[Black "Dutina, Dario"]
[Result "0-1"]
[WhiteElo "2228"]
[BlackElo "2321"]
[PlyCount "126"]
[EventDate "2009.03.01"]
[EventType "team-tourn"]
[EventRounds "11"]
[EventCountry "CRO"]
[SourceTitle "EXT 2011"]
[Source "ChessBase"]
[SourceDate "2010.11.26"]
[SourceVersion "1"]
[SourceVersionDate "2010.11.26"]
[SourceQuality "1"]

1. Nf3 d5 2. d4 c6 3. c4 e6 4. Nc3 f5 5. Bf4 Nf6 6. e3 Be7 7. Bd3 0-0 8. Qc2 Ne4 9. 0-0 Nd7 10. Ne5 Bg5 11. Bxg5 Qxg5 12. Nxd7 Bxd7 13. Rae1 Nxc3 14. bxc3 b5 15. c5 Rae8 16. f3 e5 17. f4 exf4 18. exf4 Qg4 19. Re5 Rxe5 20. fxe5 g6 21. Qd1 Qg5 22. Qc1 h6 23. Qxg5 hxg5 24. Ra1 Rb8 25. Rb1 Be6 26. a4 a6 27. Kf2 Kf7 28. h3 Ke7 29. Ke3 f4+ 30. Kf3 Bf5 31. Bxf5 gxf5 32. h4 gxh4 33. Rh1 b4 34. Rxh4 bxc3 35. Ke2 Rb2+ 36. Kd3 Rxg2 37. Rxf4 c2 38. Rf1 f4 39. Kc3 Ke6 40. Kb2 Kf5 41. e6 Re2 42. e7 Rxe7 43. Kxc2 Re3 44. Rh1 Ra3 45. Rh6 Rxa4 46. Rxc6 Rxd4 47. Rxa6 Rc4+ 48. Kd3 Rxc5 49. Ra8 Kg4 50. Kd4 Rb5 51. Rg8+ Kf3 52. Rf8 Ke2 53. Re8+ Kf2 54. Ra8 f3 55. Rf8 Ke2 56. Re8+ Kf1 57. Ke3 f2 58. Kd2 Rb2+ 59. Kd1 Rb3 60. Rg8 Rd3+ 61. Kc2 Ke2 62. Rf8 Rf3 63. Re8+ Re3 0-1

[Event "Pula op 23rd"]
[Site "Pula"]
[Date "2009.06.29"]
[Round "3"]
[White "Skrbin, Kresimir"]
[Black "Franic, Milan"]
[Result "0-1"]
[WhiteElo "2239"]
[BlackElo "2421"]
[PlyCount "62"]
[EventDate "2009.06.27"]
[EventType "swiss"]
[EventRounds "9"]
[EventCountry "CRO"]
[SourceTitle "CBM 131 Extra"]
[Source "ChessBase"]
[SourceDate "2009.09.03"]
[SourceVersion "2"]
[SourceVersionDate "2009.09.16"]
[SourceQuality "1"]

1. Nf3 b6 2. d4 Bb7 3. e3 Nf6 4. Bd3 c5 5. 0-0 g6 6. c3 Bg7 7. Re1 d5 8. Nbd2 0-0 9. Ne5 Ne8 10. e4 cxd4 11. cxd4 Nd6 12. exd5 Bxd5 13. b3 Nc6 14. Bb2 Nb4 15. Bb1 Bb7 16. a3 Nd5 17. Bd3 Nf4 18. Bf1 Nf5 19. Ndf3 Qd5 20. Bc4 Qd6 21. Bf1 Rad8 22. Qd2 Ne6 23. Rad1 Bxf3 24. Nxf3 Nexd4 25. Nxd4 Bxd4 26. Qc1 e5 27. Bxd4 Nxd4 28. Qb2 Qf6 29. a4 Rd6 30. Bc4 Rfd8 31. Rd3 e4 0-1

[Event "CRO-chT2b"]
[Site "Croatia"]
[Date "2009.03.15"]
[Round "6"]
[White "Skrbin, Kresimir"]
[Black "Vodopija, Goran"]
[Result "0-1"]
[WhiteElo "2239"]
[BlackElo "2152"]
[PlyCount "132"]
[EventDate "2009.03.01"]
[EventType "team-tourn"]
[EventRounds "11"]
[EventCountry "CRO"]
[SourceTitle "EXT 2010"]
[Source "ChessBase"]
[SourceDate "2010.11.25"]
[SourceVersion "1"]
[SourceVersionDate "2010.11.25"]
[SourceQuality "1"]

1. Nf3 Nf6 2. d4 g6 3. e3 Bg7 4. Bd3 d5 5. 0-0 0-0 6. Nbd2 Qd6 7. Ne5 Nfd7 8. f4 f6 9. Nxd7 Nxd7 10. f5 gxf5 11. Bxf5 e6 12. Bd3 f5 13. c4 c6 14. cxd5 cxd5 15. Nb3 Nf6 16. Bd2 Rf7 17. Rc1 Bh6 18. Qe1 Rg7 19. Rf3 Bd7 20. Bb4 Qb6 21. Ba5 Qd6 22. Bc7 Qe7 23. Bf4 Bxf4 24. exf4 Ne4 25. Bxe4 dxe4 26. Rfc3 Bc6 27. Qe3 Qd6 28. Na5 Rd8 29. Nxc6 bxc6 30. Rc4 Rb7 31. b3 Rb4 32. Kf2 Rxc4 33. Rxc4 Rd7 34. g3 Qa3 35. Qe2 Rd6 36. Qc2 Qa6 37. Ke3 Qa5 38. Ke2 Qb5 39. a4 Qb6 40. Ke3 Kf7 41. Qc3 a6 42. Rc5 Ke7 43. b4 Kd7 44. Qc4 Rd5 45. Qc3 Qb7 46. g4 fxg4 47. a5 Qb8 48. Kxe4 Rf5 49. Rxf5 exf5+ 50. Kxf5 Qg8 51. Ke4 Qd5+ 52. Kd3 Qf7 53. Kc2 Qxf4 54. Qd3 Qxh2+ 55. Kb1 Qh5 56. Qxa6 Qg6+ 57. Kb2 g3 58. Qb7+ Kd6 59. Qb8+ Ke6 60. Qe5+ Kd7 61. a6 g2 62. Qb8 g1Q 63. Qb7+ Kd6 64. Qb8+ Ke6 65. Qc8+ Kd5 66. Qd7+ Kc4 0-1

[Event "CRO-chT2b"]
[Site "Croatia"]
[Date "2009.03.08"]
[Round "3"]
[White "Skrbin, Kresimir"]
[Black "Novosel, Tomislav"]
[Result "1-0"]
[WhiteElo "2239"]
[BlackElo "2189"]
[PlyCount "101"]
[EventDate "2009.03.01"]
[EventType "team-tourn"]
[EventRounds "11"]
[EventCountry "CRO"]
[SourceTitle "EXT 2010"]
[Source "ChessBase"]
[SourceDate "2010.11.25"]
[SourceVersion "1"]
[SourceVersionDate "2010.11.25"]
[SourceQuality "1"]

1. Nf3 Nf6 2. d4 d5 3. e3 e6 4. Bd3 Be7 5. 0-0 0-0 6. Nbd2 b6 7. b3 Bb7 8. Bb2 Nbd7 9. c4 c5 10. Rc1 Rc8 11. Qe2 Rc7 12. Rfd1 Qa8 13. Bb1 Rd8 14. dxc5 Nxc5 15. b4 Nce4 16. cxd5 Rxc1 17. Rxc1 Bxd5 18. Nxe4 Bxe4 19. Bxe4 Qxe4 20. a3 h6 21. Kf1 a5 22. b5 Bc5 23. Nd4 Rd5 24. Qc4 Qg4 25. h3 Qh5 26. Nf3 Qf5 27. a4 Ne4 28. Bd4 Bxd4 29. exd4 Kh7 30. Qc2 Nd6 31. g4 Qe4 32. Qxe4+ Nxe4 33. Ke2 f5 34. Ke3 g5 35. Rc7+ Kg8 36. Ne5 Nf6 37. Rc6 Kg7 38. Rxe6 fxg4 39. Nxg4 Ng8 40. Rxb6 h5 41. Ne5 g4 42. Rg6+ Kh7 43. Rg5 Nf6 44. h4 Rd6 45. f3 Nd5+ 46. Kd3 gxf3 47. Nxf3 Nb6 48. Rxh5+ Kg6 49. Rg5+ Kh6 50. Ne5 Kh7 51. Nc4 1-0

[Event "Zagreb op-B"]
[Site "Zagreb"]
[Date "2008.05.15"]
[Round "4"]
[White "Skrbin, Kresimir"]
[Black "Mihalinec, Damir"]
[Result "0-1"]
[WhiteElo "2188"]
[BlackElo "2242"]
[PlyCount "76"]
[EventDate "2008.05.12"]
[EventType "swiss"]
[EventRounds "9"]
[EventCountry "CRO"]
[SourceTitle "CBM 124 Extra"]
[Source "ChessBase"]
[SourceDate "2008.07.03"]
[SourceVersion "1"]
[SourceVersionDate "2008.07.03"]
[SourceQuality "1"]

1. c4 Nf6 2. Nc3 g6 3. g3 Bg7 4. Bg2 c6 5. e4 d6 6. Nge2 0-0 7. 0-0 e5 8. d3 Na6 9. h3 Qb6 10. Rb1 Be6 11. Be3 Qa5 12. Qd2 Rfe8 13. a3 Qc7 14. b4 Qd7 15. Kh2 d5 16. cxd5 cxd5 17. d4 Nxe4 18. Nxe4 dxe4 19. dxe5 Qxd2 20. Bxd2 Bc4 21. Rfe1 Rxe5 22. Bc3 Re7 23. Bxg7 Kxg7 24. Nf4 Rae8 25. Rbc1 b5 26. Re3 Nc7 27. Rce1 f5 28. g4 Nd5 29. Nxd5 Bxd5 30. gxf5 gxf5 31. Kg3 Kf6 32. Kf4 Rc8 33. h4 Rc2 34. R1e2 Rec7 35. Bh3 R7c3 36. Bf1 Bc4 37. Rxc2 Rxc2 38. Bxc4 bxc4 0-1